Statistics for Best-Selling Video Game Consoles by Companies

Click here to take the quiz!

General Stats

  • This quiz has been taken 138 times
  • The average score is 6 of 12

Answer Stats

Company#Console% Correct
Sony155PlayStation 2
99%
Microsoft84Xbox 360
92%
Nintendo154Nintendo DS
78%
Sega31Genesis
74%
Atari30Atari 2600
71%
Philips1Philips CD-i
36%
Coleco2ColecoVision
34%
Nokia3N-Gage
29%
Magnavox2Odyssey
29%
NEC10TurboGrafx-16
22%
Mattel3Intellivision
20%
Bandai3.5WonderSwan
14%

Score Distribution

Percentile by Number Answered

Percent of People with Each Score

Your Score History

You have not taken this quiz